2GM en France - Statistiques

Statistiques générales
  • Ce quiz a été pris 8 fois
  • Le résultat moyen est 5 sur 25
Statistiques - réponses
événements Dates % Correct
discours Pétain appelant à l’armistice 17 juin 1940
67%
appel CDG 18 juin 1940
67%
armistice à Rethondes 22 juin 1940
67%
déclaration de guerre 3 septembre 1939
67%
IIIe Rep donne pleins pouvoirs à Pétain, dbt régime de Vichy 10 juillet 1940
33%
invasion allemande 10 mai 1940
33%
Débarquement de Provence 15 août 1944
33%
entrevue de Montoire 24 octobre 1940
33%
la 2ème DB entre à Paris 25 août 1944
33%
Overlord 6 juin 1944
33%
occupation de tout le territoire par les allemands novembre 1942
33%
prise de Paris 14 juin 1940
0%
rafle du Vel d’Hiv 16 juillet 1942
0%
démission de Reynaud, Pétain président du conseil 16 juin 1940
0%
recréation de la Haute Cour, épuration légale et fin de l’épuration sauvage 18 novembre 1944
0%
installation GRPF, Vichy déclaré “nul et non avenu 26 août 1944
0%
création du GRPF 3 juin 1944
0%
création STO février 1943
0%
création de la milice janvier 1943
0%
Leclerc gagne la bataille de Koufra janvier-mars 1941
0%
création du CFLN juin 1943
0%
victoire à Bir Hakaïm mai 1942
0%
création du CNR mai 1943
0%
opération Torch (Afrique du nord) novembre 1942
0%
libération de la Corse septembre-octobre 1943
0%
Aucun quiz correspondant
Distribution des résultats
% des personnes avec chaque résultat
Percentile par nombre de réponses
Votre historique - résultats
Vous n’avez pas pris ce quiz